Normal view
MARC view
- Electric filters, Resistance-capacitance
Entry Topical Term
001 - CONTROL NUMBER
- control field: 104364
003 - CONTROL NUMBER IDENTIFIER
- control field: NUST
005 - DATE AND TIME OF LATEST TRANSACTION
- control field: 20221207153309.0
008 - FIXED-LENGTH DATA ELEMENTS
- fixed length control field: 221207|| aca||aabn | a|a d
040 ## - CATALOGING SOURCE
- Original cataloging agency: NUST
- Transcribing agency: NUST
150 ## - HEADING--TOPICAL TERM
- Topical term or geographic name entry element: Electric filters, Resistance-capacitance
670 ## - SOURCE DATA FOUND
- Source citation: Work cat.: (NUST)193564: RC active filter design handbook /, c1985.
